<?xml version="1.0" encoding="UTF-8"?>
<record
    xmlns:xsi="http://www.w3.org/2001/XMLSchema-instance"
    xsi:schemaLocation="http://www.loc.gov/MARC21/slim http://www.loc.gov/standards/marcxml/schema/MARC21slim.xsd"
    xmlns="http://www.loc.gov/MARC21/slim">

  <leader>00378nam a22001577a 4500</leader>
  <controlfield tag="005">20160905132109.0</controlfield>
  <controlfield tag="008">160905b        xxu||||| |||| 00| 0 eng d</controlfield>
  <datafield tag="020" ind1=" " ind2=" ">
    <subfield code="a">978-93-325-5178-7</subfield>
  </datafield>
  <datafield tag="041" ind1=" " ind2=" ">
    <subfield code="a">eng</subfield>
  </datafield>
  <datafield tag="100" ind1=" " ind2=" ">
    <subfield code="a">FRANCIS,RICHARD L</subfield>
    <subfield code="9">3498</subfield>
  </datafield>
  <datafield tag="245" ind1=" " ind2=" ">
    <subfield code="a">FACILITY LAYOUT AND LOCATION </subfield>
  </datafield>
  <datafield tag="260" ind1=" " ind2=" ">
    <subfield code="b">PEARSON</subfield>
    <subfield code="c">2015</subfield>
  </datafield>
  <datafield tag="300" ind1=" " ind2=" ">
    <subfield code="a">577</subfield>
  </datafield>
  <datafield tag="650" ind1=" " ind2=" ">
    <subfield code="a">INFORMATION</subfield>
    <subfield code="9">3499</subfield>
  </datafield>
  <datafield tag="942" ind1=" " ind2=" ">
    <subfield code="c">BK</subfield>
  </datafield>
  <datafield tag="999" ind1=" " ind2=" ">
    <subfield code="c">5200</subfield>
    <subfield code="d">5198</subfield>
  </datafield>
  <datafield tag="952" ind1=" " ind2=" ">
    <subfield code="0">0</subfield>
    <subfield code="1">0</subfield>
    <subfield code="4">0</subfield>
    <subfield code="7">0</subfield>
    <subfield code="8">REF</subfield>
    <subfield code="a">JRU</subfield>
    <subfield code="b">MAIN</subfield>
    <subfield code="c">SHELF-72-C</subfield>
    <subfield code="d">2016-09-05</subfield>
    <subfield code="e">PURCHASE</subfield>
    <subfield code="g">519.00</subfield>
    <subfield code="l">0</subfield>
    <subfield code="p">21042</subfield>
    <subfield code="r">2016-09-05 00:00:00</subfield>
    <subfield code="t">5</subfield>
    <subfield code="w">2016-09-05</subfield>
    <subfield code="y">BK</subfield>
  </datafield>
  <datafield tag="952" ind1=" " ind2=" ">
    <subfield code="0">0</subfield>
    <subfield code="1">0</subfield>
    <subfield code="4">0</subfield>
    <subfield code="7">0</subfield>
    <subfield code="a">JRU</subfield>
    <subfield code="b">MAIN</subfield>
    <subfield code="c">SHELF-44-J</subfield>
    <subfield code="d">2016-09-05</subfield>
    <subfield code="e">PURCHASE</subfield>
    <subfield code="g">519.00</subfield>
    <subfield code="l">0</subfield>
    <subfield code="p">21043</subfield>
    <subfield code="r">2016-09-05 00:00:00</subfield>
    <subfield code="t">5</subfield>
    <subfield code="w">2016-09-05</subfield>
    <subfield code="y">BK</subfield>
  </datafield>
  <datafield tag="952" ind1=" " ind2=" ">
    <subfield code="0">0</subfield>
    <subfield code="1">0</subfield>
    <subfield code="4">0</subfield>
    <subfield code="7">0</subfield>
    <subfield code="a">JRU</subfield>
    <subfield code="b">MAIN</subfield>
    <subfield code="c">SHELF-44-J</subfield>
    <subfield code="d">2016-09-05</subfield>
    <subfield code="e">PURCHASE</subfield>
    <subfield code="g">519.00</subfield>
    <subfield code="l">0</subfield>
    <subfield code="p">21044</subfield>
    <subfield code="r">2016-09-05 00:00:00</subfield>
    <subfield code="t">5</subfield>
    <subfield code="w">2016-09-05</subfield>
    <subfield code="y">BK</subfield>
  </datafield>
  <datafield tag="952" ind1=" " ind2=" ">
    <subfield code="0">0</subfield>
    <subfield code="1">0</subfield>
    <subfield code="4">0</subfield>
    <subfield code="7">0</subfield>
    <subfield code="a">JRU</subfield>
    <subfield code="b">MAIN</subfield>
    <subfield code="c">SHELF-44-J</subfield>
    <subfield code="d">2016-09-05</subfield>
    <subfield code="e">PURCHASE</subfield>
    <subfield code="g">519.00</subfield>
    <subfield code="l">0</subfield>
    <subfield code="p">21045</subfield>
    <subfield code="r">2016-09-05 00:00:00</subfield>
    <subfield code="t">5</subfield>
    <subfield code="w">2016-09-05</subfield>
    <subfield code="y">BK</subfield>
  </datafield>
  <datafield tag="952" ind1=" " ind2=" ">
    <subfield code="0">0</subfield>
    <subfield code="1">0</subfield>
    <subfield code="4">0</subfield>
    <subfield code="7">0</subfield>
    <subfield code="a">JRU</subfield>
    <subfield code="b">MAIN</subfield>
    <subfield code="c">SHELF-44-J</subfield>
    <subfield code="d">2016-09-05</subfield>
    <subfield code="e">PURCHASE</subfield>
    <subfield code="g">519.00</subfield>
    <subfield code="l">0</subfield>
    <subfield code="p">21046</subfield>
    <subfield code="r">2016-09-05 00:00:00</subfield>
    <subfield code="t">5</subfield>
    <subfield code="w">2016-09-05</subfield>
    <subfield code="y">BK</subfield>
  </datafield>
</record>
